| 000 -LEADER | |
|---|---|
| fixed length control field | 00376nam a22001457a 4500 |
| 005 - DATE AND TIME OF LATEST TRANSACTION | |
| control field | 20171207115128.0 |
| 008 - FIXED-LENGTH DATA ELEMENTS--GENERAL INFORMATION | |
| fixed length control field | 171207b xxu||||| |||| 00| 0 eng d |
| 041 ## - LANGUAGE CODE | |
| Language code of text/sound track or separate title | eng |
| 082 ## - DEWEY DECIMAL CLASSIFICATION NUMBER | |
| Classification number | 622.8 |
| 100 ## - MAIN ENTRY--AUTHOR NAME | |
| Personal name | SONI, H.P. |
| 245 ## - TITLE STATEMENT | |
| Title | MINE MANAGEMENT LEGISLATION AND GENERAL SAFETY (PART-6) |
| Statement of responsibility, etc | H.P. SONI |
| 260 ## - PUBLICATION, DISTRIBUTION, ETC. (IMPRINT) | |
| Place of publication | DHANBAD |
| Name of publisher | LOVELY PRAKASHAN |
| 300 ## - PHYSICAL DESCRIPTION | |
| Number of Pages | 109p, |
| 942 ## - ADDED ENTRY ELEMENTS (KOHA) | |
| Koha item type | Books |
| Lost status | Damaged status | Collection code | Home library | Current library | Shelving location | Date acquired | Source of acquisition | Cost, normal purchase price | Full call number | Accession Number | Koha item type |
|---|---|---|---|---|---|---|---|---|---|---|---|
| MINING | JRU Library | JRU Library | SHELF-100-D | 07/12/2017 | PURCHESS | 580.00 | 622.8 | 22310 | Books | ||
| MINING | JRU Library | JRU Library | SHELF-100-D | 07/12/2017 | PURCHESS | 580.00 | 622.8 | 22311 | Books | ||
| MINING | JRU Library | JRU Library | SHELF-100-D | 07/12/2017 | PURCHESS | 580.00 | 622.8 | 22312 | Books |